| 000 | 00653nam a22001697a 4500 | ||
|---|---|---|---|
| 999 |
_c14988 _d14988 |
||
| 008 | 200204b ||||| |||| 00| 0 eng d | ||
| 082 |
_22014 _aUT 1433 _bB86 |
||
| 100 |
_aBuenaventura, Dave Evans _941602 |
||
| 245 |
_aProject UM-Beast 2: _bUM Ebulletin Adding Announcement via SMS Technology/ _cDave Evans Buenaventura, Danica Garciano & Jay Gealon |
||
| 260 |
_aDigos City _bUMDC _cMarch 2014 |
||
| 300 |
_a42 pages _c30 cm |
||
| 650 |
_aTechnical Education _vInformation Technology _xUndergraduate Thesis _941335 |
||
| 700 |
_aBuenaventura, Dave Evans _941602 |
||
| 700 |
_aGarciano, Danica _941303 |
||
| 700 |
_aGealon, Jay _941304 |
||
| 942 |
_2ddc _cUT |
||